| 000 | 00386cam a2200145ua 4500 | ||
|---|---|---|---|
| 003 | OSt | ||
| 008 | 240203b |||||||| |||| 00| 0 eng d | ||
| 041 | _aeng | ||
| 082 |
_a667 _bMAL/SM |
||
| 100 |
_aMalik, R.K . _95820 |
||
| 245 | _aSmall scale manufacture of soaps and detergents / | ||
| 260 |
_aDelhi : _bSmall Industry Research Institute , _c1975. |
||
| 300 | _a136 ; . | ||
| 942 | _cBK | ||
| 999 |
_c7933 _d7933 |
||